[Event "Vojvodina-chT"]
[Site "Kovacica"]
[Date "2019.11.05"]
[Round "6.5"]
[White "Nagy, Attila N"]
[Black "Ilincic, Aleksa"]
[Result "1-0"]
[WhiteElo "2233"]
[BlackElo "2168"]
[PlyCount "101"]
[EventDate "2019.11.01"]
[EventType "team-tourn"]
[EventRounds "11"]
[EventCountry "SRB"]
[SourceTitle "CBM 192 Extra"]
[Source "Chessbase"]
[SourceDate "2019.11.06"]
[SourceVersion "1"]
[SourceVersionDate "2019.11.06"]
[SourceQuality "1"]
[WhiteTeam "Senta"]
[BlackTeam "Novi Sad Vojvodina"]
[WhiteTeamCountry "SRB"]
[BlackTeamCountry "SRB"]

1. g3 e5 2. c4 Nc6 3. Bg2 Bc5 4. Nc3 d6 5. d3 Nge7 6. Nf3 Bf5 7. 0-0 Qd7 8. Nd5 Nxd5 9. cxd5 Nd4 10. Nxd4 Bxd4 11. e3 Bb6 12. e4 Bh3 13. Be3 h5 14. Bxh3 Qxh3 15. Bxb6 axb6 16. Rc1 Rxa2 17. Rxc7 0-0 18. Qd2 Rfa8 19. Qb4 Ra1 20. Rcc1 Rxc1 21. Rxc1 Qd7 22. Qxb6 h4 23. Qc7 Qxc7 24. Rxc7 Ra2 25. Rxb7 h3 26. f4 f6 27. fxe5 fxe5 28. Kf2 Kh7 29. g4 Ra1 30. Kg3 Rg1+ 31. Kh4 Kh6 32. Rd7 Rg2 33. Rxd6+ g6 34. Kxh3 Rd2 35. Kh4 Rxh2+ 36. Kg3 Rd2 37. Re6 Rxd3+ 38. Kh4 Rd2 39. g5+ Kg7 40. Re7+ Kf8 41. Rxe5 Rxb2 42. Re6 Kf7 43. Rf6+ Kg7 44. d6 Rd2 45. Kg4 Rg2+ 46. Kf4 Rg1 47. e5 Rd1 48. Re6 Kf7 49. Re7+ Kf8 50. Rd7 Ke8 51. Rg7 1-0